<?xml version="1.0" encoding="UTF-8"?>
<record
    xmlns:xsi="http://www.w3.org/2001/XMLSchema-instance"
    xsi:schemaLocation="http://www.loc.gov/MARC21/slim http://www.loc.gov/standards/marcxml/schema/MARC21slim.xsd"
    xmlns="http://www.loc.gov/MARC21/slim">

  <leader>00593    a2200181   4500</leader>
  <controlfield tag="003">OSt</controlfield>
  <controlfield tag="005">20260220114309.0</controlfield>
  <controlfield tag="008">251008b        |||||||| |||| 00| 0 eng d</controlfield>
  <datafield tag="020" ind1=" " ind2=" ">
    <subfield code="a">9789393885913</subfield>
  </datafield>
  <datafield tag="082" ind1=" " ind2=" ">
    <subfield code="2">23</subfield>
    <subfield code="a">618.2 SHA</subfield>
  </datafield>
  <datafield tag="100" ind1=" " ind2=" ">
    <subfield code="a">Shakyawal, Ankita</subfield>
    <subfield code="9">213154</subfield>
  </datafield>
  <datafield tag="245" ind1=" " ind2=" ">
    <subfield code="a">Comprehensive Textbook of Child Health Nursing with Procedure For B.Sc. Nursing Students (Semester - V &amp; VI ) As per New 2021 INC Syllabus&#xA0;(Edn.2024)</subfield>
  </datafield>
  <datafield tag="250" ind1=" " ind2=" ">
    <subfield code="a">2nd Ed.</subfield>
  </datafield>
  <datafield tag="260" ind1=" " ind2=" ">
    <subfield code="b">EMMESS Publisher</subfield>
    <subfield code="a">Bengaluru</subfield>
    <subfield code="c">2024</subfield>
  </datafield>
  <datafield tag="300" ind1=" " ind2=" ">
    <subfield code="a">XVI;900P.</subfield>
  </datafield>
  <datafield tag="650" ind1=" " ind2=" ">
    <subfield code="a">Child Health Nursing</subfield>
    <subfield code="9">213594</subfield>
  </datafield>
  <datafield tag="942" ind1=" " ind2=" ">
    <subfield code="c">BK</subfield>
    <subfield code="2">ddc</subfield>
  </datafield>
  <datafield tag="999" ind1=" " ind2=" ">
    <subfield code="c">367830</subfield>
    <subfield code="d">367830</subfield>
  </datafield>
  <datafield tag="952" ind1=" " ind2=" ">
    <subfield code="0">0</subfield>
    <subfield code="1">0</subfield>
    <subfield code="2">ddc</subfield>
    <subfield code="3">Purchase order No.  474</subfield>
    <subfield code="4">0</subfield>
    <subfield code="7">0</subfield>
    <subfield code="a">SNCN</subfield>
    <subfield code="b">SNCN</subfield>
    <subfield code="d">2025-10-07</subfield>
    <subfield code="e">S.R. Publisher &amp; Distributer</subfield>
    <subfield code="g">906.50</subfield>
    <subfield code="l">9</subfield>
    <subfield code="m">2</subfield>
    <subfield code="o">618.2 SHA</subfield>
    <subfield code="p">SNCN-BK-3710</subfield>
    <subfield code="q">2026-05-27</subfield>
    <subfield code="r">2026-04-02 12:49:47</subfield>
    <subfield code="s">2026-04-02</subfield>
    <subfield code="v">1295.00</subfield>
    <subfield code="w">2025-10-09</subfield>
    <subfield code="y">BK</subfield>
  </datafield>
  <datafield tag="952" ind1=" " ind2=" ">
    <subfield code="0">0</subfield>
    <subfield code="1">0</subfield>
    <subfield code="2">ddc</subfield>
    <subfield code="3">Purchase order No.  474</subfield>
    <subfield code="4">0</subfield>
    <subfield code="7">0</subfield>
    <subfield code="a">SNCN</subfield>
    <subfield code="b">SNCN</subfield>
    <subfield code="d">2025-10-07</subfield>
    <subfield code="e">S.R. Publisher &amp; Distributer</subfield>
    <subfield code="g">906.50</subfield>
    <subfield code="l">7</subfield>
    <subfield code="o">618.2 SHA</subfield>
    <subfield code="p">SNCN-BK-3709</subfield>
    <subfield code="q">2026-07-06</subfield>
    <subfield code="r">2026-05-11 07:11:03</subfield>
    <subfield code="s">2026-05-11</subfield>
    <subfield code="v">1295.00</subfield>
    <subfield code="w">2025-10-09</subfield>
    <subfield code="y">BK</subfield>
  </datafield>
  <datafield tag="952" ind1=" " ind2=" ">
    <subfield code="0">0</subfield>
    <subfield code="1">0</subfield>
    <subfield code="2">ddc</subfield>
    <subfield code="3">Purchase order No.  474</subfield>
    <subfield code="4">0</subfield>
    <subfield code="7">0</subfield>
    <subfield code="a">SNCN</subfield>
    <subfield code="b">SNCN</subfield>
    <subfield code="d">2025-10-07</subfield>
    <subfield code="e">S.R. Publisher &amp; Distributer</subfield>
    <subfield code="g">906.50</subfield>
    <subfield code="l">9</subfield>
    <subfield code="m">2</subfield>
    <subfield code="o">618.2 SHA</subfield>
    <subfield code="p">SNCN-BK-3712</subfield>
    <subfield code="q">2026-07-06</subfield>
    <subfield code="r">2026-05-11 07:12:19</subfield>
    <subfield code="s">2026-05-11</subfield>
    <subfield code="v">1295.00</subfield>
    <subfield code="w">2025-10-09</subfield>
    <subfield code="y">BK</subfield>
  </datafield>
  <datafield tag="952" ind1=" " ind2=" ">
    <subfield code="0">0</subfield>
    <subfield code="1">0</subfield>
    <subfield code="2">ddc</subfield>
    <subfield code="3">Purchase order No.  474</subfield>
    <subfield code="4">0</subfield>
    <subfield code="7">0</subfield>
    <subfield code="a">SNCN</subfield>
    <subfield code="b">SNCN</subfield>
    <subfield code="d">2025-10-07</subfield>
    <subfield code="e">S.R. Publisher &amp; Distributer</subfield>
    <subfield code="g">906.50</subfield>
    <subfield code="l">9</subfield>
    <subfield code="o">618.2 SHA</subfield>
    <subfield code="p">SNCN-BK-3714</subfield>
    <subfield code="q">2026-07-02</subfield>
    <subfield code="r">2026-05-08 10:35:40</subfield>
    <subfield code="s">2026-05-08</subfield>
    <subfield code="v">1295.00</subfield>
    <subfield code="w">2025-10-09</subfield>
    <subfield code="y">BK</subfield>
  </datafield>
  <datafield tag="952" ind1=" " ind2=" ">
    <subfield code="0">0</subfield>
    <subfield code="1">0</subfield>
    <subfield code="2">ddc</subfield>
    <subfield code="3">Purchase order No.  474</subfield>
    <subfield code="4">0</subfield>
    <subfield code="7">0</subfield>
    <subfield code="a">SNCN</subfield>
    <subfield code="b">SNCN</subfield>
    <subfield code="d">2025-10-07</subfield>
    <subfield code="e">S.R. Publisher &amp; Distributer</subfield>
    <subfield code="g">906.50</subfield>
    <subfield code="l">2</subfield>
    <subfield code="m">1</subfield>
    <subfield code="o">618.2 SHA</subfield>
    <subfield code="p">SNCN-BK-3716</subfield>
    <subfield code="r">2025-12-08 15:58:35</subfield>
    <subfield code="s">2025-11-28</subfield>
    <subfield code="v">1295.00</subfield>
    <subfield code="w">2025-10-09</subfield>
    <subfield code="y">BK</subfield>
  </datafield>
  <datafield tag="952" ind1=" " ind2=" ">
    <subfield code="0">0</subfield>
    <subfield code="1">0</subfield>
    <subfield code="2">ddc</subfield>
    <subfield code="3">Purchase order No.  474</subfield>
    <subfield code="4">0</subfield>
    <subfield code="7">0</subfield>
    <subfield code="a">SNCN</subfield>
    <subfield code="b">SNCN</subfield>
    <subfield code="d">2025-10-07</subfield>
    <subfield code="e">S.R. Publisher &amp; Distributer</subfield>
    <subfield code="g">906.50</subfield>
    <subfield code="l">5</subfield>
    <subfield code="o">618.2 SHA</subfield>
    <subfield code="p">SNCN-BK-3713</subfield>
    <subfield code="r">2026-03-18 16:07:27</subfield>
    <subfield code="s">2026-03-04</subfield>
    <subfield code="v">1295.00</subfield>
    <subfield code="w">2025-10-09</subfield>
    <subfield code="y">BK</subfield>
  </datafield>
  <datafield tag="952" ind1=" " ind2=" ">
    <subfield code="0">0</subfield>
    <subfield code="1">0</subfield>
    <subfield code="2">ddc</subfield>
    <subfield code="3">Purchase order No.  474</subfield>
    <subfield code="4">0</subfield>
    <subfield code="7">0</subfield>
    <subfield code="a">SNCN</subfield>
    <subfield code="b">SNCN</subfield>
    <subfield code="d">2025-10-07</subfield>
    <subfield code="e">S.R. Publisher &amp; Distributer</subfield>
    <subfield code="g">906.50</subfield>
    <subfield code="l">10</subfield>
    <subfield code="m">1</subfield>
    <subfield code="o">618.2 SHA</subfield>
    <subfield code="p">SNCN-BK-3711</subfield>
    <subfield code="r">2026-05-11 07:07:15</subfield>
    <subfield code="s">2026-03-18</subfield>
    <subfield code="v">1295.00</subfield>
    <subfield code="w">2025-10-09</subfield>
    <subfield code="y">BK</subfield>
  </datafield>
  <datafield tag="952" ind1=" " ind2=" ">
    <subfield code="0">0</subfield>
    <subfield code="1">0</subfield>
    <subfield code="2">ddc</subfield>
    <subfield code="3">Purchase order No.  474</subfield>
    <subfield code="4">0</subfield>
    <subfield code="7">0</subfield>
    <subfield code="a">SNCN</subfield>
    <subfield code="b">SNCN</subfield>
    <subfield code="d">2025-10-07</subfield>
    <subfield code="e">S.R. Publisher &amp; Distributer</subfield>
    <subfield code="g">906.50</subfield>
    <subfield code="l">1</subfield>
    <subfield code="o">618.2 SHA</subfield>
    <subfield code="p">SNCN-BK-3708</subfield>
    <subfield code="r">2025-12-20 16:28:03</subfield>
    <subfield code="s">2025-12-06</subfield>
    <subfield code="v">1295.00</subfield>
    <subfield code="w">2025-10-09</subfield>
    <subfield code="y">BK</subfield>
  </datafield>
  <datafield tag="952" ind1=" " ind2=" ">
    <subfield code="0">0</subfield>
    <subfield code="1">0</subfield>
    <subfield code="2">ddc</subfield>
    <subfield code="3">Purchase order No.  474</subfield>
    <subfield code="4">0</subfield>
    <subfield code="7">0</subfield>
    <subfield code="a">SNCN</subfield>
    <subfield code="b">SNCN</subfield>
    <subfield code="d">2025-10-07</subfield>
    <subfield code="e">S.R. Publisher &amp; Distributer</subfield>
    <subfield code="g">906.50</subfield>
    <subfield code="l">8</subfield>
    <subfield code="o">618.2 SHA</subfield>
    <subfield code="p">SNCN-BK-3715</subfield>
    <subfield code="r">2026-03-27 15:18:57</subfield>
    <subfield code="s">2026-03-23</subfield>
    <subfield code="v">1295.00</subfield>
    <subfield code="w">2025-10-09</subfield>
    <subfield code="y">BK</subfield>
  </datafield>
  <datafield tag="952" ind1=" " ind2=" ">
    <subfield code="0">0</subfield>
    <subfield code="1">0</subfield>
    <subfield code="2">ddc</subfield>
    <subfield code="3">Purchase order No. 474</subfield>
    <subfield code="4">0</subfield>
    <subfield code="7">0</subfield>
    <subfield code="a">SNCN</subfield>
    <subfield code="b">SNCN</subfield>
    <subfield code="d">2025-10-07</subfield>
    <subfield code="e">S.R. Publisher &amp; Distributor</subfield>
    <subfield code="g">906.50</subfield>
    <subfield code="i">521</subfield>
    <subfield code="l">6</subfield>
    <subfield code="o">618.2 SHA</subfield>
    <subfield code="p">SNCN-BK-3717</subfield>
    <subfield code="r">2026-04-02 12:47:37</subfield>
    <subfield code="s">2026-03-09</subfield>
    <subfield code="v">1295.00</subfield>
    <subfield code="w">2025-10-09</subfield>
    <subfield code="y">BK</subfield>
  </datafield>
</record>
